[Event "Bundesliga 2021-22"]
[Site "Berlin GER"]
[Date "2022.04.10"]
[Round "4.6"]
[Board "4"]
[White "Ernst, Sipke"]
[Black "Bruedigam, Martin"]
[Result "1/2-1/2"]
[WhiteTitle "GM"]
[BlackTitle "IM"]
[WhiteElo "2537"]
[BlackElo "2386"]
[WhiteTeam "Hamburger SK"]
[BlackTeam "SK Koenig Tegel"]
[WhiteFideId "1004689"]
[BlackFideId "24608033"]
[EventDate "2022.03.05"]

1. d4 Nf6 2. c4 e6 3. Nc3 d5 4. Nf3 Be7 5. g3 O-O 6. Bg2 b6 7. cxd5 exd5 8. Ne5
Bb7 9. Qb3 c6 10. O-O Nbd7 11. e4 dxe4 12. Nxe4 Nxe5 13. dxe5 Nxe4 14. Bxe4 Qd4
15. Qc2 Qxe5 16. Bxh7+ Kh8 17. Be4 Bf6 18. Rb1 Rfe8 19. f3 Qd4+ 20. Kg2 Qd7 21.
b4 c5 22. Bxb7 Qxb7 23. Bb2 Qa6 24. Rf2 Bxb2 25. Rxb2 Re5 26. bxc5 Rxc5 27. Qe4
Rac8 28. Rbd2 Qc4 29. Rd4 Qc1 30. Rfd2 g6 31. Qe2 Kg7 32. h4 Rc2 33. h5 Rxd2 34.
Rxd2 Re8 35. Qf2 Qe1 36. Qd4+ Qe5 37. hxg6 Qxd4 38. Rxd4 Kxg6 39. a4 Re2+ 40.
Kh3 Ra2 41. Kg4 Kf6 42. Rf4+ Kg6 43. Rc4 Rd2 44. f4 Rd5 45. Rb4 Rc5 46. Rd4 f6
47. Rb4 Rd5 48. Rc4 b5 49. axb5 Rxb5 50. Rc6 Ra5 51. Rc7 a6 52. Rc6 Ra4 53. Rb6
Ra5 54. Rd6 Ra4 55. Rd5 Ra1 56. Rc5 Ra4 57. Kh4 Kh6 58. Rc6 Kg6 59. Rb6 Ra1 60.
g4 Kg7 61. f5 Rh1+ 62. Kg3 a5 63. Rb7+ Kg8 64. Ra7 Ra1 65. Ra8+ Kg7 66. Ra7+ Kg8
67. Ra8+ Kg7 68. Ra7+ 1/2-1/2

[Event "Bundesliga 2021-22"]
[Site "Berlin GER"]
[Date "2022.04.10"]
[Round "4.6"]
[Board "5"]
[White "Mueller, Nick"]
[Black "Svane, Frederik"]
[Result "0-1"]
[WhiteTitle "FM"]
[BlackTitle "IM"]
[WhiteElo "2375"]
[BlackElo "2496"]
[WhiteTeam "SK Koenig Tegel"]
[BlackTeam "Hamburger SK"]
[WhiteFideId "24692093"]
[BlackFideId "12923044"]
[EventDate "2022.03.05"]

1. d4 Nf6 2. c4 e6 3. Nc3 Bb4 4. Qc2 O-O 5. Nf3 c5 6. dxc5 Na6 7. g3 Nxc5 8. Bg2
Nfe4 9. O-O Bxc3 10. bxc3 b6 11. Ng5 d5 12. Nxe4 dxe4 13. Be3 f5 14. f3 exf3 15.
Bxf3 Rb8 16. Bxc5 bxc5 17. Qa4 Qc7 18. Rad1 Rb2 19. Rd3 e5 20. Qa3 Qb6 21. Rfd1
Rb1 22. Bd5+ Kh8 23. Rxb1 Qxb1+ 24. Kg2 Qb6 25. Rf3 f4 26. Rf2 g5 27. e3 Bg4 28.
Qc1 Qf6 29. h3 Bc8 30. exf4 gxf4 31. gxf4 exf4 32. Rf3 Bf5 33. Kh2 Bg6 34. Qg1
Bh5 35. Rf2 Qe5 36. h4 Bg6 37. Rf3 Rb8 38. Qxc5 Rb2+ 39. Kg1 Qe1+ 40. Rf1 Qg3+ 0-1

[Event "Bundesliga 2021-22"]
[Site "Berlin GER"]
[Date "2022.04.10"]
[Round "4.6"]
[Board "6"]
[White "Heinemann, Thies"]
[Black "Von Herman, Ulf"]
[Result "1-0"]
[WhiteTitle "GM"]
[BlackTitle "IM"]
[WhiteElo "2495"]
[BlackElo "2349"]
[WhiteTeam "Hamburger SK"]
[BlackTeam "SK Koenig Tegel"]
[WhiteFideId "4601556"]
[BlackFideId "4608500"]
[EventDate "2022.03.05"]

1. e4 e6 2. Qe2 d5 3. exd5 Qxd5 4. Nc3 Qd8 5. g3 Nc6 6. Nf3 Nge7 7. Bg2 Nf5 8.
b3 Be7 9. Bb2 Bf6 10. O-O-O Bd7 11. g4 Nfd4 12. Nxd4 Bxd4 13. f4 Qf6 14. Rdf1
O-O-O 15. h4 Qe7 16. Kb1 Kb8 17. Qc4 Qb4 18. Qd3 Ne7 19. a3 Qb6 20. Qc4 Bc6 21.
Bxc6 Qxc6 22. Qxc6 Nxc6 23. f5 exf5 24. Rxf5 f6 25. Ne4 h6 26. d3 b6 27. Rhf1
Ne7 28. R5f3 Bxb2 29. Kxb2 h5 30. g5 f5 31. Ng3 Rd4 32. Re1 f4 33. Ne2 Rd7 34.
Rxf4 Ng6 35. Re4 Rf7 36. Nd4 Kb7 37. b4 a6 38. a4 1-0

[Event "Bundesliga 2021-22"]
[Site "Berlin GER"]
[Date "2022.04.10"]
[Round "4.6"]
[Board "8"]
[White "Meissner, Felix"]
[Black "Breier, Andreas"]
[Result "1-0"]
[WhiteTitle "FM"]
[BlackTitle "FM"]
[WhiteElo "2381"]
[BlackElo "2368"]
[WhiteTeam "Hamburger SK"]
[BlackTeam "SK Koenig Tegel"]
[WhiteFideId "24671827"]
[BlackFideId "4630408"]
[EventDate "2022.03.05"]

1. e4 c5 2. Nf3 d6 3. Bb5+ Nd7 4. O-O Nf6 5. Re1 a6 6. Bf1 e5 7. c3 Be7 8. d4
O-O 9. a4 b6 10. d5 Ne8 11. Na3 Rb8 12. Nc4 g6 13. Bh6 Ng7 14. b4 f6 15. Rb1 Qc7
16. g3 Rf7 17. Rb2 Nf8 18. bxc5 bxc5 19. Rxb8 Qxb8 20. Qb1 Qc7 21. Qb6 Qd7 22.
Qb8 Qd8 23. Qb6 Ne8 24. Rb1 Qd7 25. Qb8 Bd8 26. Bxf8 Rxf8 27. Nb6 Bxb6 28. Rxb6
Kf7 29. Nd2 Ke7 30. Nc4 f5 31. Rc6 Bb7 32. Nb6 Bxc6 33. Nxd7 Bxd7 34. Qa7 Nf6
35. exf5 Nxd5 36. fxg6 hxg6 37. Bh3 Rd8 38. Bxd7 Rxd7 39. Qxa6 Nxc3 40. Qc4 Nxa4
41. Qxa4 d5 42. Qh4+ Ke6 43. Qg4+ Kd6 44. Qxg6+ Kc7 45. Qe6 d4 46. Qxe5+ Kc6 47.
Kf1 Ra7 48. Qe6+ Kb5 49. Qb3+ 1-0

[Event "Bundesliga 2021-22"]
[Site "Munich GER"]
[Date "2022.04.10"]
[Round "4.7"]
[Board "1"]
[White "Santos Latasa, Jaime"]
[Black "Harikrishna, Pentala"]
[Result "1/2-1/2"]
[WhiteTitle "GM"]
[BlackTitle "GM"]
[WhiteElo "2648"]
[BlackElo "2716"]
[WhiteTeam "FC Bayern Muenchen"]
[BlackTeam "SG Solingen"]
[WhiteFideId "2293307"]
[BlackFideId "5007003"]
[EventDate "2022.03.05"]

1. e4 e5 2. Nf3 Nc6 3. Bc4 Nf6 4. d3 Bc5 5. O-O d6 6. c3 a5 7. Re1 Ba7 8. Na3
O-O 9. Nb5 Bb6 10. h3 h6 11. Bb3 Re8 12. Be3 Bxe3 13. Rxe3 Bd7 14. a4 Ne7 15.
Nh4 d5 16. Nf3 Ng6 17. exd5 Bxb5 18. axb5 Nxd5 19. Re4 f5 20. Re1 c6 21. bxc6
bxc6 22. g3 Qf6 23. h4 Kh8 24. h5 Nf8 25. Nh4 g5 26. hxg6 Nxg6 27. Ra4 f4 28.
Qh5 Nxh4 29. Qxh4 Qxh4 30. gxh4 Nf6 31. Bc4 Ra7 32. Kf1 e4 33. b4 e3 34. fxe3
fxe3 35. Rxa5 Rg7 36. Ra2 Nd5 37. Bxd5 cxd5 38. Rg2 Rc7 39. Rc1 Ra8 40. Rcc2 d4
41. Ke2 Ra1 42. Kf3 Rf1+ 43. Ke4 e2 44. Rgxe2 dxc3 45. Kd4 Rb1 46. Rxc3 Rd7+ 47.
Ke3 Re7+ 48. Kf2 Rf7+ 49. Kg2 Rg7+ 50. Kh2 Rxb4 51. Rc4 Rxc4 52. dxc4 Rg4 53.
Rc2 Rxh4+ 54. Kg3 Rd4 55. c5 Kg7 56. c6 Rd8 57. Kf4 Kf6 1/2-1/2

[Event "Bundesliga 2021-22"]
[Site "Munich GER"]
[Date "2022.04.10"]
[Round "4.7"]
[Board "2"]
[White "Van Foreest, Jorden"]
[Black "Santos Ruiz, Miguel"]
[Result "1/2-1/2"]
[WhiteTitle "GM"]
[BlackTitle "GM"]
[WhiteElo "2714"]
[BlackElo "2597"]
[WhiteTeam "SG Solingen"]
[BlackTeam "FC Bayern Muenchen"]
[WhiteFideId "1039784"]
[BlackFideId "22291482"]
[EventDate "2022.03.05"]

1. e4 e5 2. Nf3 Nc6 3. Bc4 Nf6 4. d3 Bc5 5. Nc3 h6 6. a3 a6 7. Be3 d6 8. Nd5
Nxd5 9. Bxd5 Bxe3 10. fxe3 Be6 11. Bxe6 fxe6 12. Qe2 Qe7 13. O-O-O d5 14. d4
O-O-O 15. Qd3 Qf6 16. Rhf1 exd4 17. Nxd4 Ne5 18. Qb3 Qg6 19. exd5 exd5 20. Nf5
Rhe8 21. g3 Nc4 22. Qc3 Rd7 23. Rf4 Re5 24. g4 Qe6 25. Nxg7 Rxg7 26. Rf8+ Kd7
27. Qxc4 Rxg4 28. Qf1 Rg6 29. Qf4 Re4 30. Qf2 Kc6 31. h4 h5 32. Rd8 Qf6 33.
Qxf6+ Rxf6 34. R8xd5 Rxh4 1/2-1/2

[Event "Bundesliga 2021-22"]
[Site "Munich GER"]
[Date "2022.04.10"]
[Round "4.7"]
[Board "3"]
[White "Bogner, Sebastian"]
[Black "L'Ami, Erwin"]
[Result "0-1"]
[WhiteTitle "GM"]
[BlackTitle "GM"]
[WhiteElo "2573"]
[BlackElo "2621"]
[WhiteTeam "FC Bayern Muenchen"]
[BlackTeam "SG Solingen"]
[WhiteFideId "4692055"]
[BlackFideId "1007998"]
[EventDate "2022.03.05"]

1. d4 Nf6 2. c4 e6 3. Nf3 d5 4. Nc3 Bb4 5. Qa4+ Nc6 6. e3 O-O 7. Qc2 Ne7 8. a3
Bxc3+ 9. Qxc3 b6 10. b4 c5 11. dxc5 bxc5 12. Bb2 Bb7 13. Be2 cxb4 14. axb4 dxc4
15. Qxc4 Bd5 16. Qd3 Rc8 17. O-O Qb6 18. Qa3 Bc4 19. Bd4 Qb7 20. Bxc4 Rxc4 21.
Qd3 Rcc8 22. b5 Ra8 23. Ra5 Rfd8 24. Qa3 Rd5 25. Ra1 Nc8 26. Qb2 Ne8 27. e4 Rd8
28. Ne5 Qxe4 29. Nc6 Rd7 30. f3 Qd5 31. Rc1 Rb7 32. b6 Qd7 33. Ne5 Qd8 34. Nc6
Qd7 35. Qa3 Ned6 36. bxa7 Nb5 37. Rxb5 Rxb5 38. Qa6 Rb7 39. Be3 Rc7 40. Bf4
Raxa7 41. Qc4 Rxc6 42. Qxc6 Qxc6 43. Rxc6 Ne7 44. Rc2 f6 45. g4 g5 46. Bg3 Ng6
47. Rc5 e5 48. Rc6 Kf7 49. Rb6 Ra1+ 50. Kg2 Ra2+ 51. Kf1 Nh4 52. Rb3 Kg6 53. h3
Ng2 54. Kg1 Nf4 55. Bxf4 gxf4 56. h4 h5 57. g5 fxg5 58. Rb6+ Kf5 59. Rh6 g4 60.
Rxh5+ Ke6 61. fxg4 e4 62. Rh6+ Ke5 63. g5 e3 64. Rh8 f3 65. g6 Rg2+ 0-1

[Event "Bundesliga 2021-22"]
[Site "Munich GER"]
[Date "2022.04.10"]
[Round "4.7"]
[Board "4"]
[White "Van Wely, Loek"]
[Black "Alonso Rosell, Alvar"]
[Result "1/2-1/2"]
[WhiteTitle "GM"]
[BlackTitle "GM"]
[WhiteElo "2613"]
[BlackElo "2565"]
[WhiteTeam "SG Solingen"]
[BlackTeam "FC Bayern Muenchen"]
[WhiteFideId "1000268"]
[BlackFideId "2270544"]
[EventDate "2022.03.05"]

1. c4 e5 2. g3 Nc6 3. Bg2 g6 4. Nc3 Bg7 5. e4 d6 6. Nge2 f5 7. d3 Nf6 8. Nd5 O-O
9. O-O Be6 10. Be3 Qd7 11. b4 Nh5 12. exf5 Bxf5 13. b5 Nd8 14. d4 c6 15. Ndc3
exd4 16. Nxd4 Bh3 17. Rc1 Bxg2 18. Kxg2 Nf6 19. h3 Nf7 20. bxc6 bxc6 21. f4 Rae8
22. Qf3 d5 23. Bf2 Ne4 24. Nxe4 Rxe4 25. cxd5 cxd5 26. Qd3 g5 27. f5 Ne5 28. Qb5
Qxb5 29. Nxb5 Re2 30. Nc3 Rxf2+ 31. Kxf2 Nd3+ 32. Ke2 Nxc1+ 33. Rxc1 Rxf5 34. g4
Re5+ 35. Kd3 d4 36. Ne4 Ra5 37. Rc8+ Kf7 38. Rc7+ Kg8 39. Rc8+ Kf7 40. Rc7+ Kg8
41. a4 Rxa4 42. Rc8+ Kf7 43. Rc7+ Kg8 44. Rc8+ Kf7 45. Rc7+ 1/2-1/2

[Event "Bundesliga 2021-22"]
[Site "Munich GER"]
[Date "2022.04.10"]
[Round "4.7"]
[Board "5"]
[White "Georgiadis, Nico"]
[Black "Predojevic, Borki"]
[Result "1/2-1/2"]
[WhiteTitle "GM"]
[BlackTitle "GM"]
[WhiteElo "2562"]
[BlackElo "2585"]
[WhiteTeam "FC Bayern Muenchen"]
[BlackTeam "SG Solingen"]
[WhiteFideId "1300113"]
[BlackFideId "930849"]
[EventDate "2022.03.05"]

1. e4 c6 2. Nf3 d5 3. Nc3 dxe4 4. Nxe4 Nf6 5. Qe2 Nxe4 6. Qxe4 Nd7 7. Bc4 Nf6 8.
Ne5 e6 9. Qe2 b5 10. Bd3 Qc7 11. a4 Bd6 12. Nxc6 b4 13. Nd4 a6 14. Nf5 Bb7 15.
Nxd6+ Qxd6 16. f3 Nd5 17. g3 b3 18. c3 h5 19. Be4 h4 20. Rg1 hxg3 21. hxg3 O-O-O
22. Qc4+ Kb8 23. Qxb3 f5 24. Bxd5 Qxd5 25. Qxd5 Bxd5 26. Kf2 Rh2+ 27. Rg2 Rh1
28. d4 Kc8 29. b4 Rdh8 30. Bb2 Rxa1 31. Bxa1 Rh1 32. Rg1 Rxg1 33. Kxg1 Bxf3 34.
c4 Bd1 1/2-1/2

[Event "Bundesliga 2021-22"]
[Site "Munich GER"]
[Date "2022.04.10"]
[Round "4.7"]
[Board "6"]
[White "Handke, Florian"]
[Black "Kurmann, Oliver"]
[Result "1/2-1/2"]
[WhiteTitle "GM"]
[BlackTitle "IM"]
[WhiteElo "2539"]
[BlackElo "2462"]
[WhiteTeam "SG Solingen"]
[BlackTeam "FC Bayern Muenchen"]
[WhiteFideId "4634527"]
[BlackFideId "1308173"]
[EventDate "2022.03.05"]

1. e4 c5 2. Nf3 Nc6 3. d4 cxd4 4. Nxd4 Nf6 5. Nc3 e5 6. Ndb5 d6 7. Bg5 a6 8. Na3
b5 9. Nd5 Qa5+ 10. Bd2 Qd8 11. Bg5 Qa5+ 12. Bd2 Qd8 13. c4 Nxe4 14. g3 Nxd2 15.
Qxd2 Nd4 16. Bg2 Ra7 17. O-O Be7 18. cxb5 axb5 19. Nc2 Nxc2 20. Qxc2 O-O 21. Qb3
Qa5 22. Rfd1 Be6 23. Qe3 Bd8 24. a3 Bxd5 25. Rxd5 Bb6 26. Qd3 Bc5 27. Be4 b4 28.
Bxh7+ Kh8 29. Be4 bxa3 30. Qf3 Kg8 31. bxa3 g6 32. Qf6 Qd8 33. Qxd8 Rxd8 34. a4
Rb8 35. Ra2 Rb4 36. Bc2 Ra5 37. Kg2 e4 38. h4 f5 39. h5 Kf7 40. hxg6+ Kxg6 41.
Bd1 Kf6 42. Rad2 Ra6 43. Kh3 Ke6 44. Kg2 Rab6 45. Bh5 Rb2 46. a5 Rxd2 47. Rxd2
Ra6 48. Ra2 Bb6 49. Be2 Rxa5 50. Rxa5 Bxa5 51. g4 f4 52. f3 d5 53. Ba6 Bb6 54.
Bb7 Ke5 55. g5 Bd8 56. g6 Bf6 57. Kf2 Kd4 58. Ke2 1/2-1/2

[Event "Bundesliga 2021-22"]
[Site "Munich GER"]
[Date "2022.04.10"]
[Round "4.7"]
[Board "7"]
[White "Fedorovsky, Michael"]
[Black "Naumann, Alexander"]
[Result "1/2-1/2"]
[WhiteTitle "IM"]
[BlackTitle "GM"]
[WhiteElo "2397"]
[BlackElo "2514"]
[WhiteTeam "FC Bayern Muenchen"]
[BlackTeam "SG Solingen"]
[WhiteFideId "14105454"]
[BlackFideId "4623169"]
[EventDate "2022.03.05"]

1. d4 Nf6 2. c4 g6 3. Nc3 d5 4. cxd5 Nxd5 5. e4 Nxc3 6. bxc3 Bg7 7. Nf3 c5 8.
Bb5+ Nc6 9. d5 Qa5 10. Rb1 a6 11. Bxc6+ bxc6 12. O-O O-O 13. dxc6 Bg4 14. Bf4
Rac8 15. h3 Bxf3 16. Qxf3 Rxc6 17. e5 Re6 18. Rfe1 Qxa2 19. Qd3 Qa5 20. Rb7 Qd8
21. Rd7 Qa8 22. c4 a5 23. Qd5 Rc8 24. Rc7 Qb8 25. Rb7 Qa8 26. Rc7 Qb8 27. Rb7
Qa8 28. Rc7 1/2-1/2

[Event "Bundesliga 2021-22"]
[Site "Munich GER"]
[Date "2022.04.10"]
[Round "4.8"]
[Board "1"]
[White "Maghsoodloo, Parham"]
[Black "Mamedyarov, Shakhriyar"]
[Result "1/2-1/2"]
[WhiteTitle "GM"]
[BlackTitle "GM"]
[WhiteElo "2701"]
[BlackElo "2776"]
[WhiteTeam "Muenchener Schachclub 1836"]
[BlackTeam "SC Viernheim"]
[WhiteFideId "12539929"]
[BlackFideId "13401319"]
[EventDate "2022.03.05"]

1. e4 e5 2. Nf3 Nc6 3. Bb5 Nf6 4. O-O Nxe4 5. Re1 Nd6 6. a4 Be7 7. Nc3 a6 8. Bf1
Nf5 9. Nxe5 Nxe5 10. Rxe5 d6 11. Re1 d5 12. d4 O-O 13. a5 c6 14. Ne2 Re8 15. c3
Bf8 16. Nf4 Rxe1 17. Qxe1 Nd6 18. Nd3 Nc4 19. b4 Bf5 20. Nc5 Bxc5 21. dxc5 Qd7
22. Ra2 f6 23. Re2 Kf7 24. Qd1 Re8 25. h3 Rxe2 26. Qxe2 Qe7 27. Qxe7+ Kxe7 28.
g4 Bc2 29. Bxc4 dxc4 30. f3 1/2-1/2

[Event "Bundesliga 2021-22"]
[Site "Munich GER"]
[Date "2022.04.10"]
[Round "4.8"]
[Board "2"]
[White "Kryvoruchko, Yuriy"]
[Black "Indjic, Aleksandar"]
[Result "1/2-1/2"]
[WhiteTitle "GM"]
[BlackTitle "GM"]
[WhiteElo "2683"]
[BlackElo "2605"]
[WhiteTeam "SC Viernheim"]
[BlackTeam "Muenchener Schachclub 1836"]
[WhiteFideId "14109182"]
[BlackFideId "911925"]
[EventDate "2022.03.05"]

1. e4 c5 2. Nf3 d6 3. d4 cxd4 4. Nxd4 Nf6 5. Nc3 a6 6. f3 e5 7. Nb3 Be6 8. Be3
Be7 9. Qd2 h5 10. Be2 Nbd7 11. Nd5 Bxd5 12. exd5 O-O 13. Na5 Qc8 14. c4 Bd8 15.
O-O Bb6 16. Bxb6 Nxb6 17. b4 Re8 18. Rac1 Nbd7 19. Qe3 Qc7 20. Rfd1 b6 21. Nc6
Nb8 22. Nxb8 Raxb8 23. c5 bxc5 24. bxc5 e4 25. Qa3 dxc5 26. d6 Qb6 27. Qxc5 exf3
28. Bxf3 Red8 29. a4 Qxc5+ 30. Rxc5 Rb6 31. Bc6 a5 32. d7 Kf8 33. Bb5 Ke7 34.
Rc8 Re6 35. h3 Ne4 36. Rc7 Nd6 37. Bc6 Re5 38. Ra7 h4 39. Bb5 Nxb5 1/2-1/2

[Event "Bundesliga 2021-22"]
[Site "Munich GER"]
[Date "2022.04.10"]
[Round "4.8"]
[Board "3"]
[White "Martinovic, Sasa"]
[Black "Anton Guijarro, David"]
[Result "0-1"]
[WhiteTitle "GM"]
[BlackTitle "GM"]
[WhiteElo "2554"]
[BlackElo "2694"]
[WhiteTeam "Muenchener Schachclub 1836"]
[BlackTeam "SC Viernheim"]
[WhiteFideId "14509792"]
[BlackFideId "2285525"]
[EventDate "2022.03.05"]

1. d4 Nf6 2. c4 e6 3. Nf3 b6 4. a3 Bb7 5. Bf4 Be7 6. Nc3 Ne4 7. Nxe4 Bxe4 8. e3
a5 9. Bd3 Bxd3 10. Qxd3 a4 11. O-O O-O 12. e4 d6 13. Rad1 h6 14. Rfe1 Re8 15.
Qc2 Bf8 16. Rd3 Qf6 17. Qd2 Nc6 18. e5 Qf5 19. exd6 cxd6 20. d5 Na5 21. Nd4 Qf6
22. dxe6 Nxc4 23. Qc1 d5 24. exf7+ Qxf7 25. Bd2 Nxd2 26. Qxd2 Re4 27. Ree3 Bc5
28. Rf3 Rae8 29. g3 Qd7 30. Kg2 R8e5 31. Qc3 Rh5 32. h4 Qg4 33. Nc2 Rxh4 34. Kg1
Rh5 0-1

[Event "Bundesliga 2021-22"]
[Site "Munich GER"]
[Date "2022.04.10"]
[Round "4.8"]
[Board "4"]
[White "Amin, Bassem"]
[Black "Horvath, Dominik"]
[Result "1-0"]
[WhiteTitle "GM"]
[BlackTitle "IM"]
[WhiteElo "2683"]
[BlackElo "2486"]
[WhiteTeam "SC Viernheim"]
[BlackTeam "Muenchener Schachclub 1836"]
[WhiteFideId "10601457"]
[BlackFideId "1642561"]
[EventDate "2022.03.05"]

1. e4 c5 2. Nf3 Nc6 3. Bb5 e6 4. O-O Nge7 5. Re1 b6 6. c3 a6 7. Bf1 d5 8. e5 d4
9. d3 Bb7 10. Nbd2 Ng6 11. g3 Qc7 12. cxd4 cxd4 13. Bg2 Nb4 14. Nc4 b5 15. Nd6+
Bxd6 16. exd6 Qc2 17. Bd2 Qxd1 18. Rexd1 Nxd3 19. b3 Bd5 20. Ba5 Nc5 21. Rxd4
Kd7 22. Rc1 Rac8 23. Bc7 1-0

[Event "Bundesliga 2021-22"]
[Site "Munich GER"]
[Date "2022.04.10"]
[Round "4.8"]
[Board "5"]
[White "Berchtenbreiter, Maximilian"]
[Black "Fedorchuk, Sergey A."]
[Result "0-1"]
[WhiteTitle "IM"]
[BlackTitle "GM"]
[WhiteElo "2513"]
[BlackElo "2604"]
[WhiteTeam "Muenchener Schachclub 1836"]
[BlackTeam "SC Viernheim"]
[WhiteFideId "24641120"]
[BlackFideId "14102536"]
[EventDate "2022.03.05"]

1. e4 c5 2. Nf3 Nc6 3. c3 d5 4. exd5 Qxd5 5. d4 e6 6. Na3 Nf6 7. Nb5 Qd8 8. dxc5
Bxc5 9. Qxd8+ Kxd8 10. b4 Be7 11. a4 Bd7 12. Be2 a6 13. Na3 Nd5 14. Bd2 f6 15.
O-O g5 16. Nc4 Kc7 17. b5 Nd8 18. Rab1 axb5 19. axb5 e5 20. Rfd1 Be6 21. Ne3
Nxe3 22. Bxe3 b6 23. Nd2 Nb7 24. Bc4 Bf5 25. Ra1 Rxa1 26. Rxa1 Rd8 27. Kf1 Bc5
28. Ke2 Na5 29. Bf7 Bd3+ 30. Ke1 Bxe3 31. fxe3 Bxb5 32. e4 Rd3 33. c4 Bc6 34. c5
Bxe4 35. Nxe4 Re3+ 36. Kf2 Rxe4 37. g3 Nc6 38. Bd5 Rb4 39. Ra6 Rb5 40. Bxc6 Kxc6
41. cxb6 Rxb6 42. Ra7 h5 43. Rh7 Kd5 44. Rxh5 Ke4 45. h4 Rb2+ 46. Ke1 Ke3 47.
Kd1 Rd2+ 48. Kc1 Rh2 49. Rh6 gxh4 50. gxh4 f5 51. Rh5 Ke4 52. Kd1 f4 53. Ke1 f3
54. Kf1 Kf4 55. Rh8 Ke3 0-1

[Event "Bundesliga 2021-22"]
[Site "Munich GER"]
[Date "2022.04.10"]
[Round "4.8"]
[Board "6"]
[White "Braun, Arik"]
[Black "Froewis, Georg"]
[Result "1-0"]
[WhiteTitle "GM"]
[BlackTitle "IM"]
[WhiteElo "2587"]
[BlackElo "2442"]
[WhiteTeam "SC Viernheim"]
[BlackTeam "Muenchener Schachclub 1836"]
[WhiteFideId "4663527"]
[BlackFideId "1618423"]
[EventDate "2022.03.05"]

1. d4 d5 2. c4 e6 3. Nc3 c6 4. e3 Nf6 5. Nf3 Nbd7 6. Qc2 Bd6 7. b3 O-O 8. Be2 b6
9. O-O Bb7 10. Rd1 Qe7 11. Bb2 Rfe8 12. Rac1 Rac8 13. Qb1 c5 14. cxd5 exd5 15.
g3 a6 16. Nh4 g6 17. dxc5 Nxc5 18. Bf3 Nce4 19. Ne2 Bc5 20. Nd4 Bb4 21. Rxc8
Rxc8 22. Rc1 Nd2 23. Rxc8+ Bxc8 24. Qc2 Nxf3+ 25. Ndxf3 Bh3 26. Qc6 Qe4 27. Qc1
Qe7 28. a3 Bd6 29. Qc3 Kg7 30. b4 h6 31. Nd4 Kh7 32. Ne2 Kg7 33. Qd4 g5 34. Nf3
Kg6 35. Qxb6 Qe4 36. Qd4 Qb1+ 37. Nc1 Qf5 38. Nd2 Be7 39. Nd3 Ne4 40. Nxe4 dxe4
41. Ne5+ Kh7 42. Nc6 f6 43. Qa7 1-0

[Event "Bundesliga 2021-22"]
[Site "Munich GER"]
[Date "2022.04.10"]
[Round "4.8"]
[Board "7"]
[White "Radovanovic, Nikola"]
[Black "Wagner, Dennis"]
[Result "1/2-1/2"]
[WhiteTitle "IM"]
[BlackTitle "GM"]
[WhiteElo "2419"]
[BlackElo "2584"]
[WhiteTeam "Muenchener Schachclub 1836"]
[BlackTeam "SC Viernheim"]
[WhiteFideId "900087"]
[BlackFideId "24650684"]
[EventDate "2022.03.05"]

1. e4 e5 2. Nf3 Nc6 3. Nc3 Nf6 4. Bb5 Nd4 5. Nxd4 exd4 6. e5 dxc3 7. exf6 Qxf6
8. dxc3 Bc5 9. Qe2+ Qe7 10. O-O Qxe2 11. Bxe2 d5 12. Re1 Be6 13. Bd3 O-O-O 14.
Bf4 h6 15. Be5 Rhg8 16. Bh7 Rh8 17. Bd3 Rhg8 18. Bh7 Rh8 19. Bd3 1/2-1/2

[Event "Bundesliga 2021-22"]
[Site "Munich GER"]
[Date "2022.04.30"]
[Round "5.1"]
[Board "1"]
[White "Postny, Evgeny"]
[Black "Huschenbeth, Niclas"]
[Result "1/2-1/2"]
[WhiteTitle "GM"]
[BlackTitle "GM"]
[WhiteElo "2568"]
[BlackElo "2611"]
[WhiteTeam "BCA Augsburg"]
[BlackTeam "FC Bayern Muenchen"]
[WhiteFideId "2804344"]
[BlackFideId "24604747"]
[EventDate "2022.03.05"]

1. d4 Nf6 2. c4 e6 3. Nc3 Bb4 4. e3 O-O 5. Nf3 d5 6. Bd3 dxc4 7. Bxc4 c5 8. O-O
cxd4 9. exd4 b6 10. Bg5 h6 11. Bh4 Bb7 12. Rc1 Nc6 13. Bd3 Be7 14. Bb1 Nh5 15.
Bg3 Nxg3 16. hxg3 Bf6 17. d5 exd5 18. Nxd5 Re8 19. Qd3 g6 20. Nxf6+ Qxf6 21. Qc3
Kg7 22. Rfd1 Rad8 23. Rxd8 Rxd8 24. Qxf6+ Kxf6 25. a3 g5 26. Be4 Rd6 27. Re1 Re6
28. Nd2 Kg7 29. Re3 Rd6 30. Rd3 Rxd3 31. Bxd3 Kf6 32. f4 Nd4 33. Kf2 Ke6 34. Ke3
Nf5+ 35. Kf2 f6 36. Nb1 Nd4 37. Nc3 Bc6 38. b4 Nf5 39. Bc2 Nd6 40. Bb3+ Kf5 41.
Bc2+ Ke6 42. Bb3+ Kd7 43. Bg8 a5 44. Bb3 axb4 45. axb4 Ne4+ 46. Nxe4 Bxe4 47.
Bc4 Kd6 48. Bb3 Kc6 49. Bc4 Kd7 50. Bf7 Kd6 51. Bb3 Bd5 52. Bc2 Ke6 53. Bd3 Bc6
54. Be2 Be4 55. Ba6 h5 56. Bc4+ Kf5 57. Be2 gxf4 58. Bxh5 fxg3+ 59. Kxg3 Ke5 60.
Be8 Kd4 61. Kf2 Kc4 62. b5 Kc5 63. g4 Kd4 64. Bd7 Bd5 65. Bc6 Be6 66. Kf3 Ke5
67. Be8 Bb3 68. Bc6 Bd1+ 69. Kg3 Be2 70. Be8 Bd3 71. Bc6 Bg6 72. Kf3 Bf7 73. Ke3
Bc4 74. Kf3 Be6 75. Kg3 Bb3 76. Kf3 Bd1+ 77. Kg3 Be2 78. Be8 Ke4 79. Bc6+ Ke3
80. Bd7 Bd3 81. Be8 Be4 82. Bc6 Bg6 83. Bd7 Bf7 84. Bc6 Be6 85. Be8 f5 86. gxf5
Bxf5 87. Bc6 Bd3 88. Be8 Kd4 89. Kf2 Kc5 90. Ke3 Bxb5 91. Bg6 Kc4 92. Kd2 Kb3
93. Kc1 Bc4 94. Be8 b5 95. Bxb5 Bxb5 1/2-1/2

[Event "Bundesliga 2021-22"]
[Site "Munich GER"]
[Date "2022.04.30"]
[Round "5.1"]
[Board "2"]
[White "Alonso Rosell, Alvar"]
[Black "Nestorovic, Nikola"]
[Result "1-0"]
[WhiteTitle "GM"]
[BlackTitle "GM"]
[WhiteElo "2565"]
[BlackElo "2456"]
[WhiteTeam "FC Bayern Muenchen"]
[BlackTeam "BCA Augsburg"]
[WhiteFideId "2270544"]
[BlackFideId "934526"]
[EventDate "2022.03.05"]

1. d4 d5 2. c4 c6 3. Nf3 Nf6 4. e3 Bf5 5. Nc3 e6 6. Be2 Nbd7 7. Nh4 Be4 8. f3
Bg6 9. g3 Be7 10. O-O O-O 11. cxd5 Nxd5 12. Nxg6 hxg6 13. e4 N5b6 14. Be3 e5 15.
dxe5 Nxe5 16. Qb3 Ned7 17. Rfd1 Qe8 18. Kg2 Bc5 19. Bg5 Be7 20. Be3 Bc5 21. Bf4
Qe7 22. h4 a5 23. Bg5 Qe8 24. Na4 Nxa4 25. Qxa4 Nf6 26. Rd3 Qe5 27. Qc2 b6 28.
Bf4 Qe6 29. Rad1 Rfe8 30. Bd6 Qxa2 31. Bxc5 bxc5 32. R3d2 Qe6 33. Qxc5 a4 34.
Rd6 Qa2 35. Qa3 Qxa3 36. bxa3 c5 37. Bc4 Rab8 38. R1d2 Kf8 39. Ra6 Red8 40.
Rxd8+ Rxd8 41. Kf2 Nd7 42. Ke3 f5 43. Rd6 fxe4 44. fxe4 Ke7 45. Rxg6 Kf8 46. Rd6
Ke7 47. Ra6 Kf8 48. Be2 Rb8 49. Rxa4 Rb3+ 50. Kf4 Nb6 51. Ra7 Rb2 52. Bh5 c4 53.
Bg6 Rf2+ 54. Ke3 Rf6 55. h5 1-0